| 000 | 00884nam a2200217Ia 4500 | ||
|---|---|---|---|
| 003 | OSt | ||
| 005 | 20250416100838.0 | ||
| 008 | 191128s2018 ck er 000 f spa d | ||
| 020 | _a9789585451278 | ||
| 040 |
_aCO-JMCR _cCO-JMCR |
||
| 041 | _aspa | ||
| 082 | 0 | 4 |
_aA-N _bMONa |
| 100 | 1 |
_aMontenegro Peña, Luis Antonio, _eautor _97729 |
|
| 245 | 1 | 0 |
_aAdán murió en el lado equivocado del paraíso / _cLuis Antonio Montenegro Peña |
| 260 |
_aBogotá : _bUniediciones, _c2018 |
||
| 300 |
_a168 páginas ; _c 23 cm. |
||
| 490 | 0 | _aTextos cautivos | |
| 520 | _aTanto en la novela como en la poesía Luis Antonio, procura el arrinconamiento del saber humano, lo cerca como si se tratara de un problema ineludible y pavoroso. Es en las creencias y en las cosmovisiones, donde más hinca el diente, donde establece su inc | ||
| 650 | 1 | 4 |
_aLiteratura colombiana _97730 |
| 942 |
_2ddc _cBK |
||
| 999 |
_c3476 _d3476 |
||